000 00743cam a2200253 a 4500
001 25157
003 BD-RjUL
005 20211209050835.0
008 140316s1996 ii b 001 0 eng
020 _a0706999762
035 _a(BD-RjUL)25226
040 _aDLC
_cDLC
_dDLC
_dBD-RjUL
_beng
041 _aeng
082 0 0 _a954.001
_220
_bGAR
100 1 _aGautier, François,
_d1950-
_977384
245 1 0 _aRewriting Indian history /
_cFrancois Gautier.
260 _aNew Delhi :
_bVikas Pub. House,
_c1996.
300 _axiv, 177 p. ;
_c23 cm.
504 _aIncludes bibliographical references (p. [172]) and index.
651 0 _aIndia
_xHistory
_xPhilosophy.
_977385
942 _2ddc
_cBK
999 _c25157
_d25157